| 000 | 01533nam a22002177a 4500 | ||
|---|---|---|---|
| 005 | 20260129103104.0 | ||
| 010 | _aB-776391-406 20BACCHHN25 B-777949 | ||
| 020 |
_a9789392602115 _c495.00 |
||
| 035 | _aB-776391-406 | ||
| 035 | _aB-777949 | ||
| 037 | _bव्हाइट पेपर पब्लिकेशन | ||
| 082 | _a000 | ||
| 100 |
_aअग्रवाल,घमंडीलाल _987016 |
||
| 245 |
_aरोचक एवं ज्ञानवर्धक प्रश्नोत्तरी / _cघमंडीलाल अग्रवाल |
||
| 260 |
_aदिल्ली _bव्हाइट पेपर पब्लिकेशन _c2025 |
||
| 270 |
_aफर्स्ट फ्लोर, 1376, कश्मीरी गेट _bदिल्ली _e110006 |
||
| 300 |
_a88पृ. _c25 सेमी. (सजिल्द) _bसचित्र |
||
| 942 |
_2ddc _cCH _mअग्रवा _h000 |
||
| 999 |
_c209800 _d209800 |
||